000 00541nam a22001817a 4500
005 20250904145740.0
010 _aENG-146650
020 _c350.00
_a9789348892102
035 _aEN-130182
037 _bDBAD
082 _a821
100 _aGhosh, Kakoli
_984792
245 _aWhole-Hearted
_cKakoli Ghosh
_bIts Hard To Stop Living/
260 _aKolkata
_bExceller Book
_c2024
270 _aG1, Dream Apartment, Degree College Road,Belgharia
_bKolkata
_e700056
300 _a98p.
_c22cm(pbk)
942 _2ddc
_cEN
_h881
_mGHO
999 _c213346
_d213346